00341nam a2200133Ia 4500008004100000041000800041082001700049100001500066245006600081260002100147300000800168365001600176700001500192230718s9999 xx 000 0 und d aeng a005.678bCHA aChapman D. aJoomla 1.5X CustomizationbMake Your Site Adapt To Your Needs c2009bPackt Pub. a271 cRs.b350.00 aChapman D.